Towns to Country Quiz - Statistics

General Stats
  • This quiz has been taken 21 times
  • The average score is 18 of 26
Answer Stats
Hint Answer % Correct
Versailles France
95%
Heidelberg Germany
95%
Pompeii Italy
95%
Toledo Spain
95%
Stratford-upon-Avon United Kingdom
95%
Bruges Belgium
85%
Delphi Greece
85%
Gettysburg United States
85%
Dubrovnik Croatia
80%
Killarney Ireland
75%
Flåm Norway
75%
Zermatt Switzerland
75%
Hallstatt Austria
70%
Pingyao China
70%
Cesky Krumlov Czechia
70%
San Miguel de Allende Mexico
70%
Delft Netherlands
70%
Byron Bay Australia
55%
Nazca Peru
55%
Sintra Portugal
55%
Stellenbosch South Africa
50%
Sighișoara Romania
45%
Palmyra Syria
45%
Kampot Cambodia
40%
Nara Japan
40%
Mocha Yemen
15%
No matching quizzes found
Score Distribution
Percent of People with Each Score
Percentile by Number Answered
Your Score History
You have not taken this quiz